| 000 | 00655nam a22001937a 4500 | ||
|---|---|---|---|
| 008 | 260630s1997 mx bo||gr|||| 001 0 spa d | ||
| 020 | _a968-7377-37-2 | ||
| 040 | _bspa | ||
| 041 | _aSPA | ||
| 100 | _aMARQUINA RENDON, EDUARDO | ||
| 245 | _aMUNICIPIO DE PINAL DE AMOLES | ||
| 260 |
_aMÉXICO _bGOBIERNO DEL ESTADO DE MÉXICO _c1997 |
||
| 300 |
_a144 _c21 cm x 14 cm |
||
| 336 |
_2rdacontent _atexto _btxt |
||
| 337 |
_2rdamedia _asin mediación _bn |
||
| 338 |
_2rdacarrier _avolumen _bnc |
||
| 505 | _aEs un compendio práctico de legislación administrativa y fiscal, que organiza normas y disposiciones en un formato accesible. | ||
| 942 |
_2ddc _cCOLQ |
||
| 999 |
_c68725 _d68725 |
||